Dialóg predstaviteľov verejného a súkromného sektora o spolupráci v cestovnom ruchu - medzinárodná konferencia

Informácie o medzinárodnej konferencii, ktorá sa uskutočnila na pôde Ekonomickej univerzity v Bratislave dňa 3. mája 2007 v spolupráci so Zväzom miest a obcí Slovenska a Fakultou turistického a hotelového manažmentu v Opatiji. Závery, ktoré vyplynuli z rokovania.

Guardado en:
Detalles Bibliográficos
Autor principal: Novacká, Ľudmila, 1953-
Formato: Capítulo de libro
Lenguaje:eslovaco
Materias:
Etiquetas: Agregar Etiqueta
Sin Etiquetas, Sea el primero en etiquetar este registro!

MARC

LEADER 00000naa$a2200000$$$4500
001 0067171
005 20240502071814.7
041 0 |a slo 
044 |a SK 
245 1 0 |a Dialóg predstaviteľov verejného a súkromného sektora o spolupráci v cestovnom ruchu - medzinárodná konferencia  |c Ľudmila Novacká 
520 |a Informácie o medzinárodnej konferencii, ktorá sa uskutočnila na pôde Ekonomickej univerzity v Bratislave dňa 3. mája 2007 v spolupráci so Zväzom miest a obcí Slovenska a Fakultou turistického a hotelového manažmentu v Opatiji. Závery, ktoré vyplynuli z rokovania. 
610 2 0 |a ruch cestovný 
610 2 0 |a sektor súkromný 
610 2 0 |a sektor verejný 
610 2 0 |a kooperácia 
610 2 0 |a konferencie 
100 1 |a Novacká, Ľudmila, 1953-